000 00418nam a2200181Ia 4500
001 384
005 20260306140514.0
008 260306t2008||||xx |||||||||||||| ||spa||
041 _aESP
082 _a110
_bG45M
100 _aGilbert, Paul
_eAUT
245 0 _aMetafĂ­sica :
_bla paciencia de ser
260 _c2008
300 _a415 páginas :
_c22 cm.
650 _aGEN
654 _aCHU
942 _cLIB
_dJUS
_fJUS
_2ddc
_n
999 _c384
_d384